Etudes / (Record no. 29005)

MARC details
000 -LEADER
fixed length control field 00781naa a2200229 4500
005 - DATE AND TIME OF LATEST TRANSACTION
control field 20090807120636.0
008 - FIXED-LENGTH DATA ELEMENTS--GENERAL INFORMATION
fixed length control field 090219t xxu||||| |||| 00| 0 eng d
010 ## - LCCN (DPL NO)
LC control number ENG-94664
020 ## - INTERNATIONAL STANDARD BOOK NUMBER
Terms of availability 250.00
International Standard Book Number 9788189975456
035 ## - SYSTEM CONTROL NUMBER
System control number EN-78197
037 ## - SOURCE OF ACQUISITION
Source of stock number/acquisition DBAD / PUB
040 ## - CATALOGING SOURCE
Original cataloging agency dpl
Language of cataloging English
082 ## - DEWEY DECIMAL CLASSIFICATION NUMBER
Classification number S
100 ## - MAIN ENTRY--PERSONAL NAME
Personal name Kaul, Aseem
245 ## - TITLE STATEMENT
Title Etudes /
Statement of responsibility, etc by Aseem Kaul
260 ## - PUBLICATION, DISTRIBUTION, ETC. (IMPRINT)
Place of publication, distribution, etc New Delhi
Name of publisher, distributor, etc Tranquebar Press
Date of publication, distribution, etc 2009
270 ## - ADDRESS
Address F-5, Okhla Industrial Area, Phase-1, Mezzanine Floor,
City New Delhi
Postal code 110 020
300 ## - PHYSICAL DESCRIPTION
Extent xv, 264p.
Other physical details 20m(pbk)
650 ## - SUBJECT ADDED ENTRY--TOPICAL TERM
Topical term or geographic name as entry element Short stories, English
942 ## - ADDED ENTRY ELEMENTS (KOHA)
Institution code [OBSOLETE] dpl
Item type English Books
Source of classification or shelving scheme Dewey Decimal Classification
Call number suffix KAU
Classification part S
Holdings
Withdrawn status Lost status Source of classification or shelving scheme Damaged status Not for loan Collection code Home library Current library Date acquired Source of acquisition Cost, normal purchase price Total Checkouts Full call number Barcode Date last seen Copy number Cost, replacement price Koha item type
    Dewey Decimal Classification   Not For Loan Fiction D.B.Act.Division D.B.Act.Division 07/08/2009 DBAD / PUB 250.00   S KAU EN-78197 07/08/2009 1 250.00 English Books

© Delhi Public Library
Hit Counter
free hit counter